| 000 | 00475nam a2200193Ia 4500 | ||
|---|---|---|---|
| 005 | 20250423101629.0 | ||
| 008 | 250422s9999 xx 000 0 und d | ||
| 020 | _a9781250213587 | ||
| 050 | _aPS3607.A35943 .G | ||
| 100 | _aGailey, Sarah | ||
| 245 | 0 | _aUpright women wanted | |
| 250 | _a1st. ed. | ||
| 260 | _aNew York | ||
| 260 | _bA Tom Doherty Associates Book | ||
| 260 | _c2020 | ||
| 300 | _a176 p | ||
| 650 | _a Arranged marriage--Fiction. | ||
| 942 | _cBK | ||
| 999 |
_c36811 _d36811 |
||